"When are you going to start a family?" : (Record no. 6759)
[ view plain ]
| 000 -LEADER | |
|---|---|
| fixed length control field | 00704cam a22002172 4500 |
| 001 - CONTROL NUMBER | |
| control field | 0000004960 |
| 005 - DATE AND TIME OF LATEST TRANSACTION | |
| control field | 20151217151947.0 |
| 008 - FIXED-LENGTH DATA ELEMENTS--GENERAL INFORMATION | |
| fixed length control field | 070604s xx 000 0 eng d |
| 020 ## - INTERNATIONAL STANDARD BOOK NUMBER | |
| International Standard Book Number | 1874367760 : |
| Terms of availability | KES 250 |
| 040 ## - CATALOGING SOURCE | |
| Original cataloging agency | KABU |
| Transcribing agency | KABU |
| 050 #0 - LIBRARY OF CONGRESS CALL NUMBER | |
| Classification number | RC889 |
| Item number | .W55 |
| 100 1# - MAIN ENTRY--PERSONAL NAME | |
| Personal name | Wilkinson, Libby. |
| -- | 0000155984 |
| 245 10 - TITLE STATEMENT | |
| Title | "When are you going to start a family?" : |
| Remainder of title | my experiences of childlessness and the church. |
| 260 ## - PUBLICATION, DISTRIBUTION, ETC. (IMPRINT) | |
| Place of publication, distribution, etc. | Chichester, England : |
| Name of publisher, distributor, etc. | New Wine Press, |
| Date of publication, distribution, etc. | 1998. |
| 300 ## - PHYSICAL DESCRIPTION | |
| Extent | 64 p. |
| 650 #0 - SUBJECT ADDED ENTRY--TOPICAL TERM | |
| Topical term or geographic name as entry element | Childlessness. |
| -- | 0000155985 |
| 650 #0 - SUBJECT ADDED ENTRY--TOPICAL TERM | |
| Topical term or geographic name as entry element | Infertility |
| General subdivision | Religious aspects |
| -- | Christianity. |
| -- | 0000155986 |
| 908 ## - PUT COMMAND PARAMETER (RLIN) | |
| Put command parameter | 070604 |
| 950 ## - LOCAL HOLDINGS (RLIN) | |
| -- | 1 |
| Withdrawn status | Lost status | Source of classification or shelving scheme | Not for loan | Home library | Current library | Date acquired | Total Checkouts | Full call number | Barcode | Date last seen | Date last checked out | Price effective from | Koha item type |
|---|---|---|---|---|---|---|---|---|---|---|---|---|---|
| Library of Congress Classification | Kabarak, Main Campus | Kabarak, Main Campus | 17/12/2015 | 1 | RC889 .W55 | 006673 | 03/06/2017 | 29/05/2017 | 17/12/2015 | General Collection |